书目信息 |
| 题名: |
图解拔罐保健疗法
|
|
| 作者: | 陆军 , 苏扬 , 苏荣德 编著 | |
| 分册: | ||
| 出版信息: | 合肥 安徽科学技术出版社 2006.01 |
|
| 页数: | 243页 | |
| 开本: | 25cm | |
| 丛书名: | 中国民间传统自然疗法丛书 | |
| 单 册: | ||
| 中图分类: | R244.3-64 | |
| 科图分类: | ||
| 主题词: | 拔罐疗法--ba guan liao fa--图解 | |
| 电子资源: | ||
| ISBN: | 7-5337-3385-1 | |
| 000 | 00996nam2 2200265 450 | |
| 001 | 0100000089 | |
| 005 | 20060622094850.27 | |
| 010 | @a7-5337-3385-1@dCNY28.80 | |
| 100 | @a20060612d2006 ekmy0chiy0120 ea | |
| 101 | 0 | @achi |
| 102 | @aCN@b340000 | |
| 105 | @aa z 000yy | |
| 200 | 1 | @a图解拔罐保健疗法@Atu jie ba guan bao jian liao fa@f苏扬,苏荣德,陆军编著 |
| 210 | @a合肥@c安徽科学技术出版社@d2006.01 | |
| 215 | @a243页@c图@d25cm | |
| 225 | 2 | @a中国民间传统自然疗法丛书@Azhong guo min jian chuan tong zi ran liao fa cong shu |
| 330 | @a你想知道其中的奥秘吗?你想利用这一自然疗法保健养生吗?只要您遵循本书所介绍的具体操作方法加以耐心施行,相信疾病都将得到改善,使您成为把握自已健康的主人。 | |
| 461 | 0 | @12001 @a中国民间传统自然疗法丛书 |
| 606 | 0 | @a拔罐疗法@Aba guan liao fa@x图解 |
| 690 | @aR244.3-64@v4 | |
| 701 | 0 | @a陆军@Alu jun@4编著 |
| 701 | 0 | @a苏扬@Asu yang@4编著 |
| 701 | 0 | @a苏荣德@Asu rong de@4编著 |
| 801 | 0 | @aCN@bYXSD@c20060622 |
| 905 | @aBZT@dR244.3-64@e1@f10 | |
| 图解拔罐保健疗法/苏扬,苏荣德,陆军编著.-合肥:安徽科学技术出版社,2006.01 |
| 243页:图;25cm.-(中国民间传统自然疗法丛书) |
| ISBN 7-5337-3385-1:CNY28.80 |
| 你想知道其中的奥秘吗?你想利用这一自然疗法保健养生吗?只要您遵循本书所介绍的具体操作方法加以耐心施行,相信疾病都将得到改善,使您成为把握自已健康的主人。 |
| ● |
| 相关链接 |
|
|
|
正题名:图解拔罐保健疗法
索取号:R244.3-64/1
 
预约/预借
| 序号 | 登录号 | 条形码 | 馆藏地/架位号 | 状态 | 备注 |
| 1 | 0448655 | 230005920 | 样本书库/样008架A面1层1列/ [索取号:R244.3-64/1] | 在馆 | |
| 2 | 0448656 | 230005919 | 中心书库中库/ 中库003架A面5列6层28/ [索取号:R244.3-64/1] | 在馆 | |
| 3 | 0448657 | 230005922 | 中心书库中库/ 中库003架A面6列2层17/ [索取号:R244.3-64/1] | 在馆 | |
| 4 | 0448659 | 230005924 | 中心书库中库/ 中库003架A面5列6层27/ [索取号:R244.3-64/1] | 在馆 | |
| 5 | 0448660 | 230005923 | 中心书库中库/ 中库003架A面5列6层29/ [索取号:R244.3-64/1] | 在馆 | |
| 6 | 0448661 | 230005926 | 中心书库中库/ 中库003架A面5列6层31/ [索取号:R244.3-64/1] | 在馆 | |
| 7 | 0448662 | 230005925 | 中心书库中库/ 中库003架A面6列2层16/ [索取号:R244.3-64/1] | 在馆 | |
| 8 | 0448663 | 230005928 | 中心书库中库/ 中库003架A面5列6层32/ [索取号:R244.3-64/1] | 在馆 | |
| 9 | 0448664 | 230005927 | 中心书库中库/ 中库003架A面5列6层30/ [索取号:R244.3-64/1] | 在馆 |